| 000 | 00616nam a22001817a 4500 | ||
|---|---|---|---|
| 999 |
_c18510 _d18510 |
||
| 003 | AR-CdUCM | ||
| 008 | 190514b ||||| |||| 00| 0 spa d | ||
| 040 |
_aMUNICIPALIDAD PROVINCIAL DEL CUSCO _cBIBLIOTECA MUNICIPAL DEL CUSCO |
||
| 082 |
_a869.914 / _bA83 |
||
| 100 |
_aAsturias, Miguel Ángel. _92136 |
||
| 245 | _aWeek-End en Guatemala / | ||
| 260 |
_aBuenos Aires : _bLosada, _c1968. |
||
| 300 |
_a233 páginas ; _c21 cm. |
||
| 505 | _aContenido : Americanos todos -- La galla .. El bueyón -- Los agrarios -- Torotumbo ... | ||
| 650 |
_aHistorietas. _910786 |
||
| 942 |
_2ddc _cLIBROS |
||
| 945 |
_arum _d2019-05-14 |
||